000 00377nam a22001457a 4500
003 OSt
005 20251014124034.0
008 251014b |||||||| |||| 00| 0 eng d
020 _aUNITED NATIONS CHILDREN ACT
040 _cUNICEF ESARO
050 _aPZ 7 .M33 1996
245 _aSARA
_bZAWADI MAALUM
_cUNICEF
260 _aNAIROBI KENYA
_bUNICEF ESARO
_c1996
942 _2lcc
_cBK
_n0
999 _c9610
_d9610